Beyond exoticism : western music and the world
Αποθηκεύτηκε σε:
| Κύριος συγγραφέας: | |
|---|---|
| Μορφή: | Βιβλίο |
| Γλώσσα: | English |
| Δημοσίευση: |
Durham :
Duke University Press,
2007
|
| Σειρά: | Refiguring American music
|
| Θέματα: | |
| Ετικέτες: |
Προσθήκη ετικέτας
Δεν υπάρχουν, Καταχωρήστε ετικέτα πρώτοι!
|
MARC
| LEADER | 00000nam a2200000 i 4500 | ||
|---|---|---|---|
| 001 | 1/42979 | ||
| 008 | 140225s2007 eng d | ||
| 020 | |a 978-0-8223-3968-7 (pbk.) | ||
| 035 | |l 10116844 | ||
| 040 | |a GR-MY-UA |b gre |e aacr | ||
| 041 | 0 | |a eng | |
| 082 | 0 | |a 780.9 |2 (22) | |
| 100 | 1 | |a Taylor, Timothy Dean. | |
| 245 | 1 | 0 | |a Beyond exoticism : |b western music and the world / |c Timothy D. Taylor |
| 260 | |a Durham : |b Duke University Press, |c 2007 | ||
| 300 | |a xv, 304 σ.; |c 24 εκ. | ||
| 490 | 1 | |a Refiguring American music | |
| 504 | |a Περιλαμβάνει βιβλιογραφικές αναφορές (σ. [261]-289) και ευρετήριο | ||
| 505 | 0 | |a Colonialism and imperialism. Colonialism, modernity, and music : preliminary notes on the rise of tonality and opera ; Peopling the stage : opera, otherness, and new musical representations in the Enlightenment ; The rise of imperialism and new forms of representation -- Globalization. Globalization as a cultural system ; Consumption, globalization, and music in the 1980s and after ; Some versions of difference : discourses of hybridity in transnational musics ; You can take "country" out of the country, but it will never be "world" ; World music in television ads -- Conclusions : selves/others, history, and culture. | |
| 650 | 0 | 0 | |a Music |x Social aspects. |
| 650 | 0 | 0 | |a Exoticism in music. |
| 650 | 0 | 0 | |a Music and globalization. |
| 830 | 0 | |a Refiguring American music | |
| 852 | |a INST |b LESVOS |e 20140225 |h 780.9 TAY |p 005100053482 |q 005100053482 |t BK |y 0 | ||
| 901 | |a BIBL1-2014-1 | ||
| 909 | |a Λ |b 177698 | ||
| 922 | |a 1ΕΛΗ |b 201210 |c ΤΜΗΜΑ ΚΟΙΝΩΝΙΚΗΣ ΑΝΘΡΩΠΟΛΟΓΙΑΣ ΚΑΙ ΙΣΤΟΡΙΑΣ |d ΙΩΑΝΝΙΔΟΥ | ||
| 970 | |a ΤΖΑΦΕΡΗ |b ΕΥΑΓΓΕΛΙΑ |z 2014/02/26 | ||